[Event "Moscow Open A 2016"]
[Site "Moscow RUS"]
[Date "2016.01.31"]
[Round "2.112"]
[White "Abreu Sanchez, Leonel Jesus"]
[Black "Miroshnichenko, Pavel"]
[Result "0-1"]
[WhiteElo "1861"]
[BlackElo "2263"]
[WhiteFideId "3917487"]
[BlackFideId "4188659"]
[EventDate "2016.01.30"]

1. d4 Nf6 2. c4 e5 3. dxe5 Ng4 4. Nf3 Bc5 5. e3 Nc6 6. Be2 O-O 7. O-O Re8 8. a3
a5 9. Nbd2 Ncxe5 10. Nxe5 Nxe5 11. Nf3 Ra6 12. Bd2 Rh6 13. Nxe5 Rxe5 14. e4 Rg6
15. Bh5 Rd6 16. Bf3 b6 17. Qc2 Re8 18. Rad1 Rde6 19. b4 axb4 20. axb4 Bf8 21. c5
bxc5 22. bxc5 Bb7 23. Rfe1 Re5 24. Bb4 Bc6 25. Rd4 Qa8 26. Qc4 Qa7 27. Rc1 Qb7
28. Re1 Qb5 29. Qxb5 Bxb5 30. Bg4 Bxc5 31. Bxc5 Rxc5 32. Bxd7 Rd8 33. Rb1 Kf8
34. Bxb5 Rxd4 35. f3 Rd2 36. h3 Rcc2 37. Bf1 c5 38. Kh2 Ke7 39. Kg3 c4 40. Rb7+
Rd7 41. Rb4 Rc7 42. Kf4 Rc1 43. Be2 c3 44. Ke3 c2 0-1

[Event "Moscow Open A 2016"]
[Site "Moscow RUS"]
[Date "2016.02.01"]
[Round "3.19"]
[White "Yudin, Sergei"]
[Black "Palachev, Petr"]
[Result "1/2-1/2"]
[WhiteTitle "GM"]
[BlackTitle "FM"]
[WhiteElo "2545"]
[BlackElo "2358"]
[WhiteFideId "4159659"]
[BlackFideId "24129003"]
[EventDate "2016.01.30"]

1. c4 e6 2. Nf3 d5 3. g3 Nf6 4. Bg2 d4 5. O-O c5 6. e3 Nc6 7. exd4 cxd4 8. d3
Be7 9. Re1 O-O 10. Na3 Ne8 11. Nc2 a5 12. b3 f6 13. a3 Nc7 14. Bd2 Rb8 15. b4
axb4 16. Nxb4 e5 17. Nh4 Nxb4 18. Bxb4 b5 19. Bxe7 Qxe7 20. cxb5 Nxb5 21. Bd5+
Kh8 22. Qh5 Qe8 23. Qxe8 Rxe8 24. f4 Nc3 25. Bg2 Ba6 26. fxe5 fxe5 27. Nf3 Bxd3
28. Rxe5 Rxe5 29. Nxe5 Bc2 30. Bf1 Rb1 31. Rxb1 Nxb1 32. a4 Bxa4 33. Nf3 Nc3 34.
Nxd4 Bd7 35. Ne2 Nxe2+ 36. Bxe2 g5 37. h4 h6 38. hxg5 hxg5 39. Kf2 Kg7 40. Ke3
Kf6 1/2-1/2

[Event "Moscow Open A 2016"]
[Site "Moscow RUS"]
[Date "2016.02.01"]
[Round "3.20"]
[White "Gevorgyan, David Sh."]
[Black "Bajarani, Ulvi"]
[Result "1-0"]
[WhiteTitle "IM"]
[BlackTitle "GM"]
[WhiteElo "2356"]
[BlackElo "2540"]
[WhiteFideId "13303244"]
[BlackFideId "13403028"]
[EventDate "2016.01.30"]

1. d4 f5 2. c4 d6 3. Nf3 g6 4. g3 Bg7 5. Bg2 Nf6 6. Nc3 O-O 7. O-O Qe8 8. d5 a5
9. Nd4 Na6 10. b3 Bd7 11. Bb2 c6 12. Rc1 Rb8 13. Qd2 Nc5 14. Rfd1 Nce4 15. Qc2
Qf7 16. dxc6 bxc6 17. e3 g5 18. f3 Nxc3 19. Bxc3 f4 20. exf4 gxf4 21. Bxa5 fxg3
22. hxg3 Nh5 23. Be1 e5 24. Ne2 e4 25. Qxe4 Rbe8 26. Qd3 Bb2 27. Bf2 Bxc1 28.
Rxc1 Bg4 29. Nd4 c5 30. Rf1 Bd7 31. Nb5 Qg6 32. Qxg6+ hxg6 33. Nxd6 Re2 34. Ne4
Bc6 35. Bxc5 Ra8 36. Bf2 Bxe4 37. fxe4 Raxa2 38. Bf3 Reb2 39. e5 Ng7 40. Bd5+
Kh7 41. g4 Re2 42. Kg2 Ne8 43. Kf3 Nc7 44. Be3 Kg7 45. e6 g5 46. Ke4 Ne8 47. e7
Nd6+ 48. Kd3 Kg6 49. e8=Q+ 1-0

[Event "Moscow Open A 2016"]
[Site "Moscow RUS"]
[Date "2016.02.01"]
[Round "3.21"]
[White "Kozlitin, Roman"]
[Black "Yuffa, Daniil"]
[Result "1/2-1/2"]
[WhiteTitle "FM"]
[BlackTitle "IM"]
[WhiteElo "2355"]
[BlackElo "2516"]
[WhiteFideId "4142845"]
[BlackFideId "24131423"]
[EventDate "2016.01.30"]

1. Nf3 d6 2. d4 f5 3. Nc3 Nf6 4. Qd3 g6 5. e4 Bg7 6. e5 Nfd7 7. exd6 cxd6 8. Ng5
Nf8 9. Qb5+ Nc6 10. d5 a6 11. Qa4 Qa5 12. Qxa5 Nxa5 13. Be3 b5 14. O-O-O Bxc3
15. bxc3 Bb7 16. Bb6 Nc4 17. Bxc4 bxc4 18. Rhe1 h6 19. Ne6 Nxe6 20. Rxe6 Kf7 21.
Re2 Rab8 22. Ba7 Rbc8 23. f4 Ba8 24. a4 Rc7 25. Bb6 Rd7 26. a5 Rb7 27. Kb2 Rbb8
28. Ka3 g5 29. Kb4 Rhc8 30. Rde1 Rc7 31. Ka3 Rd7 32. Rd2 Rg8 33. Kb4 gxf4 34.
Kxc4 Rg6 35. Rf1 e6 36. dxe6+ Kxe6 37. Re2+ Kf6 38. Bd4+ Kg5 39. Ref2 Rf7 40.
Rxf4 Bxg2 41. h4+ Kh5 42. Rxf5+ Rxf5 43. Rxf5+ Kxh4 44. Rf6 Kg5 45. Rxg6+ Kxg6
46. Bg1 Kf5 47. Kd4 h5 48. c4 h4 49. Bh2 Ke6 50. c5 dxc5+ 51. Kxc5 Bf1 52. c4 h3
53. Bb8 Kd7 54. Bh2 Ke6 55. Bb8 Kd7 1/2-1/2

[Event "Moscow Open A 2016"]
[Site "Moscow RUS"]
[Date "2016.02.01"]
[Round "3.22"]
[White "Meskovs, Nikita"]
[Black "Belenkaya, Dina"]
[Result "1-0"]
[WhiteTitle "IM"]
[BlackTitle "WFM"]
[WhiteElo "2515"]
[BlackElo "2343"]
[WhiteFideId "11602740"]
[BlackFideId "24142654"]
[EventDate "2016.01.30"]

1. c4 e5 2. Nc3 Nc6 3. Nf3 Nf6 4. g3 Bc5 5. e3 d6 6. a3 a6 7. b4 Ba7 8. d3 Bf5
9. Bg2 Qd7 10. h3 O-O 11. g4 Be6 12. Ng5 Qe7 13. Nxe6 fxe6 14. g5 Nd7 15. Qg4
Qf7 16. Rf1 Rab8 17. Nd5 Kh8 18. Nxc7 Nd8 19. f4 exf4 20. Rxf4 Qe7 21. Nd5 Rxf4
22. Nxf4 b5 23. Be4 Nf8 24. Qh5 Kg8 25. Ra2 Rc8 26. g6 h6 27. c5 dxc5 28. Rc2 c4
29. dxc4 bxc4 30. Ke2 Qd6 31. Bb2 Qd7 32. Rd2 Qe7 33. Bc3 Nc6 34. Bxc6 Rxc6 35.
Qe5 Nd7 36. Qe4 Rd6 37. Qxc4 Nb6 38. Qe4 Rxd2+ 39. Kxd2 Qd7+ 40. Ke2 Nd5 41.
Nxd5 exd5 42. Qe5 Bb6 43. Qb8+ Bd8 44. Be5 Qb5+ 45. Qxb5 axb5 46. Kd3 Bb6 47.
Bd4 Bd8 48. Bc5 Bf6 49. Ke2 1-0

[Event "Moscow Open A 2016"]
[Site "Moscow RUS"]
[Date "2016.02.01"]
[Round "3.23"]
[White "Aslanov, Sergei"]
[Black "Sviridov, Valery"]
[Result "1/2-1/2"]
[WhiteElo "2338"]
[BlackElo "2511"]
[WhiteFideId "4180828"]
[BlackFideId "4120680"]
[EventDate "2016.01.30"]

1. e4 Nf6 2. Nc3 d6 3. d4 c6 4. f4 Qa5 5. Bd3 e5 6. Nf3 exd4 7. Nxd4 g6 8. Be3
Bg7 9. Qd2 O-O 10. O-O-O Re8 11. Kb1 b5 12. Nd5 Qxd2 13. Nxf6+ Bxf6 14. Rxd2 Bb7
15. Re1 Nd7 16. Nf3 a6 17. c3 c5 18. Bc2 Be7 19. Bf2 Rad8 20. h3 Nf6 21. Rde2
Nh5 22. g3 Bf8 23. Nh2 Re6 24. Bb3 c4 25. Bc2 Rde8 26. Nf3 R6e7 27. Nd4 Nf6 28.
e5 dxe5 29. Rxe5 Rxe5 30. fxe5 Nd7 31. e6 Nc5 32. exf7+ Kxf7 33. Rxe8 Kxe8 34.
g4 Kf7 35. Be3 Be7 36. b4 Ne6 37. a4 Nxd4 38. Bxd4 Bg2 39. axb5 axb5 40. Bd1 Ke6
41. Kc2 Kd5 42. Be3 Ke4 43. Kd2 Bxh3 44. g5 Bg2 45. Bg4 Kd5 1/2-1/2

[Event "Moscow Open A 2016"]
[Site "Moscow RUS"]
[Date "2016.02.01"]
[Round "3.24"]
[White "Paravyan, David"]
[Black "Lomasov, Semen"]
[Result "1-0"]
[WhiteTitle "IM"]
[BlackTitle "FM"]
[WhiteElo "2509"]
[BlackElo "2344"]
[WhiteFideId "4194985"]
[BlackFideId "24164879"]
[EventDate "2016.01.30"]

1. c4 e5 2. Nc3 Nc6 3. g3 Bc5 4. Bg2 d6 5. Nf3 Nge7 6. O-O O-O 7. d3 a6 8. a3
Ba7 9. b4 Rb8 10. Bb2 b5 11. Nd5 Nxd5 12. cxd5 Ne7 13. Qb3 c6 14. dxc6 Nxc6 15.
a4 Bb6 16. Rac1 Be6 17. Qa3 Ne7 18. Ng5 Bd5 19. Bxd5 Nxd5 20. a5 Ba7 21. Rc6 Qd7
22. Rfc1 Bc5 23. bxc5 Qxc6 24. cxd6 Qd7 25. Qc5 Nf6 26. Qxe5 Rfe8 27. Qf4 Ra8
28. Bd4 h6 29. Ne4 Nd5 30. Qd2 Rac8 31. Bc5 Re6 32. Qa2 Nf6 33. Nxf6+ Rxf6 34.
Qb2 Rxd6 35. Bxd6 Rxc1+ 36. Qxc1 Qxd6 37. Qc8+ Kh7 38. Qb7 Qe6 39. e3 g6 40. d4
Qa2 41. Kg2 Kg7 42. Qxa6 b4 43. Qb5 b3 44. a6 Qc2 45. Qb7 b2 46. a7 b1=Q 47.
Qxb1 Qxb1 48. a8=Q Qf5 49. Qf3 Qd7 50. Qe4 h5 51. h4 f5 52. Qe5+ Kh7 53. d5 Qb7
54. Qe6 Qb3 55. Qd7+ Kh6 56. Qc6 Qd3 57. d6 Kg7 58. Qc7+ Kh6 59. Qc6 Kg7 60. d7
f4 61. exf4 Kh6 62. Qc8 Qd5+ 63. Kh2 Qd4 64. Kh3 Qa1 65. Kg2 1-0

[Event "Moscow Open A 2016"]
[Site "Moscow RUS"]
[Date "2016.02.01"]
[Round "3.25"]
[White "Igonin, Temur"]
[Black "Zhu, Yi"]
[Result "1/2-1/2"]
[WhiteTitle "FM"]
[BlackTitle "FM"]
[WhiteElo "2498"]
[BlackElo "2295"]
[WhiteFideId "14203049"]
[BlackFideId "8607435"]
[EventDate "2016.01.30"]

1. e4 c5 2. Nf3 d6 3. d4 cxd4 4. Nxd4 Nf6 5. Nc3 a6 6. Bg5 e6 7. f4 h6 8. Bh4
Qb6 9. Qd2 Qxb2 10. Rb1 Qa3 11. f5 Be7 12. fxe6 fxe6 13. Bc4 Nxe4 14. Nxe4 Bxh4+
15. g3 Bg5 16. Nxg5 hxg5 17. O-O Qc5 18. Qf2 Qxc4 19. Qf7+ Kd8 20. Qxg7 Re8 21.
Rf7 Nd7 22. Rxb7 Bxb7 23. Rxd7+ Kc8 24. Rxb7 Qxd4+ 25. Qxd4 Kxb7 26. Qxd6 e5 27.
Qd5+ Kb6 28. a4 e4 29. a5+ Kc7 30. Kf2 e3+ 31. Ke2 Rad8 32. Qc5+ Kd7 33. Qa7+
Kc6 34. Qxa6+ Kc5 35. Qb6+ Kc4 36. a6 Rd2+ 37. Ke1 Rdd8 38. Ke2 Rd2+ 39. Ke1
Rdd8 40. Ke2 1/2-1/2

[Event "Moscow Open A 2016"]
[Site "Moscow RUS"]
[Date "2016.02.01"]
[Round "3.26"]
[White "Sorokin, Aleksey"]
[Black "Potapov, Pavel"]
[Result "1/2-1/2"]
[WhiteTitle "FM"]
[BlackTitle "IM"]
[WhiteElo "2344"]
[BlackElo "2492"]
[WhiteFideId "24176460"]
[BlackFideId "4169786"]
[EventDate "2016.01.30"]

1. d4 f5 2. g3 Nf6 3. Bg2 g6 4. Nf3 Bg7 5. O-O O-O 6. c4 d6 7. Nc3 c6 8. Rb1 Na6
9. b4 Nc7 10. Qb3 Kh8 11. d5 e5 12. dxc6 bxc6 13. Rd1 Qe7 14. Qa3 Bb7 15. Bb2 e4
16. Nd4 Ne6 17. Nxe6 Qxe6 18. c5 d5 19. e3 Ng4 20. b5 Ne5 21. bxc6 Bxc6 22. Nb5
Qd7 23. Nd6 g5 24. Bd4 Qc7 25. Qc3 Qe7 26. Kh1 Ng4 27. Rb2 Bxd4 28. Qxd4+ Qg7
29. Qxg7+ Kxg7 30. Bh3 h5 31. Bxg4 hxg4 32. Nb5 Rab8 33. Rdb1 Rxb5 34. Rxb5 Bxb5
35. Rxb5 Rc8 36. c6 Rxc6 37. Rxd5 Kf6 38. Ra5 a6 39. Kg2 Kg6 40. h3 gxh3+ 1/2-1/2

[Event "Moscow Open A 2016"]
[Site "Moscow RUS"]
[Date "2016.02.01"]
[Round "3.27"]
[White "Sargissyan, Sargis"]
[Black "Gasanov, Eldar"]
[Result "1/2-1/2"]
[WhiteTitle "FM"]
[BlackTitle "GM"]
[WhiteElo "2311"]
[BlackElo "2488"]
[WhiteFideId "13303210"]
[BlackFideId "14104466"]
[EventDate "2016.01.30"]

1. e4 c6 2. d4 d5 3. e5 Bf5 4. h4 h6 5. g4 Bd7 6. Nc3 e6 7. Be3 c5 8. Nge2 Nc6
9. f4 cxd4 10. Nxd4 Nxd4 11. Qxd4 Ne7 12. Nb5 Bxb5 13. Bxb5+ Nc6 14. Qd2 a6 15.
Bxc6+ bxc6 16. Qc3 c5 17. Qa3 c4 18. Bc5 Bxc5 19. Qxc5 Rb8 20. O-O-O Qb6 21.
Qxb6 Rxb6 22. b3 cxb3 23. axb3 Rb4 24. Rhf1 g5 25. Rd3 Rh7 26. Rh3 gxf4 27. Rhf3
Re4 28. Rxf4 Rxe5 29. Kd2 Rg7 30. Ra1 Re4 31. Rxe4 dxe4 32. Rxa6 Rxg4 33. c4 Rg3
34. b4 Rd3+ 35. Ke2 Rd4 36. Ra8+ Ke7 37. Ra7+ Kf6 38. c5 Ke5 39. Rb7 Rc4 40.
Rxf7 Rxb4 41. c6 Rb2+ 42. Ke3 Rb3+ 43. Ke2 Rc3 44. c7 Kd6 45. Rh7 Rxc7 46. Rxh6
Ke5 47. Rh8 Rc2+ 48. Ke3 Rh2 49. Rh5+ 1/2-1/2

[Event "Moscow Open A 2016"]
[Site "Moscow RUS"]
[Date "2016.02.01"]
[Round "3.28"]
[White "Geller, Jakov"]
[Black "Frolov, Ivan"]
[Result "1/2-1/2"]
[WhiteTitle "GM"]
[BlackTitle "FM"]
[WhiteElo "2487"]
[BlackElo "2318"]
[WhiteFideId "4151984"]
[BlackFideId "4188012"]
[EventDate "2016.01.30"]

1. e4 c6 2. d4 d5 3. exd5 cxd5 4. c4 Nf6 5. Nc3 g6 6. Qb3 Bg7 7. cxd5 O-O 8. Be2
Nbd7 9. Nh3 Nb6 10. Nf4 Bg4 11. Bxg4 Nxg4 12. h3 Nh6 13. Be3 Nf5 14. Rd1 Qd7 15.
O-O Rfd8 16. Rd3 Rac8 17. Nb5 Nxd5 18. Nxd5 Qxd5 19. Nxa7 Rc4 20. Nb5 e5 21. Nc3
Qc6 22. d5 Qc8 23. Nb5 Nxe3 24. fxe3 e4 25. Rd2 Qc5 26. d6 Rd7 27. a3 Bh6 28.
Rd4 Rxd4 29. exd4 Qg5 30. Qc4 Qe3+ 31. Kh1 Kg7 32. Nc7 Qd3 33. b3 Be3 34. Ne8+
Kh8 35. Re1 Bf4 36. d5 Qg3 37. Qd4+ Be5 38. Qg1 f5 39. Re3 Qh4 40. Qf1 Kg8 41.
g4 Qg5 42. Re2 fxg4 43. Rf2 Qh6 44. Nf6+ Bxf6 45. Rxf6 e3 46. Re6 Qxh3+ 47. Qxh3
gxh3 48. Kh2 e2 49. Rxe2 Rxd6 50. Re7 b5 51. a4 bxa4 52. bxa4 Rxd5 53. Re2 Kf7
54. Ra2 Ra5 55. Kxh3 Ke6 56. Kg4 Kd5 57. Kf4 Kc5 58. Kf3 Kb4 59. Rh2 h5 60. Rh4+
Kb3 61. Re4 Rxa4 62. Re3+ Kc2 63. Re2+ Kd1 64. Rg2 Ra6 65. Kf4 Ke1 66. Kg5 Kf1
67. Rb2 Re6 68. Ra2 Re2 69. Ra1+ Kg2 70. Ra4 Re6 71. Ra2+ Kf3 72. Ra3+ Re3 73.
Ra4 Kg3 74. Rb4 Re5+ 75. Kf6 Re3 76. Kg5 Re6 77. Rb3+ Kf2 78. Rb2+ Kf3 79. Rb4
Ke3 80. Ra4 Rd6 81. Rb4 Kd3 82. Ra4 Kc3 83. Ra1 Re6 84. Ra4 Kd3 85. Rb4 Ra6 86.
Rb1 Rc6 87. Ra1 Kd4 88. Rd1+ Ke3 89. Ra1 Rd6 90. Ra4 Rd4 91. Ra3+ Rd3 92. Ra4 1/2-1/2

[Event "Moscow Open A 2016"]
[Site "Moscow RUS"]
[Date "2016.02.01"]
[Round "3.29"]
[White "Matinian, Nikita"]
[Black "Yogesh, Gautam"]
[Result "1-0"]
[WhiteTitle "IM"]
[WhiteElo "2476"]
[BlackElo "2269"]
[WhiteFideId "24129100"]
[BlackFideId "5009324"]
[EventDate "2016.01.30"]

1. d4 d5 2. c4 e6 3. Nc3 f5 4. g4 c6 5. gxf5 exf5 6. cxd5 cxd5 7. Bg2 Bb4 8. Qb3
Nc6 9. Kf1 Bxc3 10. bxc3 Nge7 11. Nh3 O-O 12. Bg5 Qd6 13. Nf4 Kh8 14. Bxe7 Nxe7
15. Nxd5 f4 16. Qb4 Qxb4 17. Nxb4 Nf5 18. h4 Nd6 19. h5 Bg4 20. Bf3 Bxf3 21.
exf3 1-0

[Event "Moscow Open A 2016"]
[Site "Moscow RUS"]
[Date "2016.02.01"]
[Round "3.30"]
[White "Muradli, Mahammad"]
[Black "Iljiushenok, Ilia"]
[Result "1/2-1/2"]
[WhiteTitle "FM"]
[BlackTitle "IM"]
[WhiteElo "2204"]
[BlackElo "2470"]
[WhiteFideId "13409301"]
[BlackFideId "24105074"]
[EventDate "2016.01.30"]

1. d4 d5 2. Nf3 Nf6 3. c4 c6 4. Nc3 dxc4 5. a4 Bf5 6. e3 e6 7. Bxc4 Bb4 8. O-O
O-O 9. Qe2 h6 10. Ne5 Nbd7 11. Nd3 Bxd3 12. Bxd3 c5 13. Na2 Ba5 14. dxc5 Nxc5
15. Bc2 Na6 16. e4 e5 17. Be3 Bb6 18. Nc3 Bxe3 19. Qxe3 Qe7 20. Rad1 Nb4 21. Bb3
Rfd8 22. Rxd8+ Rxd8 23. Qxa7 Rd2 24. Rd1 Rxb2 25. Nd5 Nfxd5 26. Bxd5 Nc2 27.
Qb8+ Kh7 28. Qc8 Nd4 29. Rf1 Qf6 30. f3 h5 31. Kh1 b6 32. Qd7 Qg5 33. Rg1 Ne2
34. Qxf7 Nxg1 35. Qg8+ Kh6 36. Qh8+ Kg6 37. Qe8+ Kh7 38. Qg8+ Kh6 39. Qh8+ Kg6 1/2-1/2

[Event "Moscow Open A 2016"]
[Site "Moscow RUS"]
[Date "2016.02.01"]
[Round "3.31"]
[White "Zakhartsov, Vladimir"]
[Black "Klepikov, Nikita"]
[Result "1-0"]
[WhiteTitle "IM"]
[WhiteElo "2462"]
[BlackElo "2273"]
[WhiteFideId "4145097"]
[BlackFideId "24145220"]
[EventDate "2016.01.30"]

1. c4 e5 2. g3 Nc6 3. Bg2 Nf6 4. Nc3 Bc5 5. e3 d5 6. Nxd5 Nxd5 7. cxd5 Nb4 8.
Qb3 c6 9. Qc3 Qd6 10. Nf3 e4 11. Ng5 cxd5 12. Qxg7 Nd3+ 13. Kf1 Rf8 14. Nxh7 Be6
15. b4 Qa6 16. Kg1 Bxb4 17. Bb2 Kd7 18. Nxf8+ Bxf8 19. Qh8 Ba3 20. Qxa8 Bxb2 21.
Rb1 Qxa2 22. Qxb7+ Kd6 23. Rxb2 Nxb2 24. Bf1 Bg4 25. Qb8+ Ke6 26. Qc8+ Ke7 27.
Qxg4 Qa1 28. Kg2 1-0

[Event "Moscow Open A 2016"]
[Site "Moscow RUS"]
[Date "2016.02.01"]
[Round "3.32"]
[White "Ulko, Jaroslav"]
[Black "Karpenko, Artem"]
[Result "1/2-1/2"]
[WhiteTitle "IM"]
[WhiteElo "2456"]
[BlackElo "2258"]
[WhiteFideId "4116658"]
[BlackFideId "24175595"]
[EventDate "2016.01.30"]

1. d4 d5 2. c4 c6 3. Nf3 Nf6 4. Nc3 a6 5. a4 e6 6. g3 dxc4 7. Bg2 c5 8. dxc5
Qxd1+ 9. Nxd1 Bd7 10. Ne3 Bxc5 11. Nxc4 Bc6 12. O-O Nbd7 13. Bf4 Ke7 14. Na5 Bd5
15. Rac1 Rac8 16. Ne5 Nxe5 17. Bxe5 Bxf2+ 18. Kxf2 Ng4+ 19. Kg1 Bxg2 20. Kxg2
Nxe5 21. Nxb7 Nc4 22. Rc3 Nxb2 23. Rxf7+ Kxf7 24. Nd6+ Kf6 25. Nxc8 Nxa4 26. Rc6
a5 27. Nd6 Rb8 28. Ra6 Nc3 29. Rxa5 Nxe2 30. Ne4+ Kg6 31. Kf3 Nd4+ 32. Ke3 Rb5
33. Rxb5 Nxb5 34. Kf4 Nd4 35. Ke5 Nf3+ 36. Kxe6 Nxh2 37. Ke5 Ng4+ 38. Kf4 Nf6
39. Nd6 h5 40. Nc4 Nd5+ 41. Kf3 Kf5 42. Nd6+ Ke5 43. Nc4+ Ke6 44. Nd2 Kf5 45.
Nf1 g5 46. g4+ hxg4+ 47. Kg3 Nf6 48. Ne3+ Ke4 49. Nxg4 Nh5+ 50. Kf2 Kf4 51. Ne3
Nf6 52. Ng2+ Kg4 53. Ne3+ Kh4 54. Kg2 Ne4 55. Nf5+ Kg4 1/2-1/2

[Event "Moscow Open A 2016"]
[Site "Moscow RUS"]
[Date "2016.02.01"]
[Round "3.33"]
[White "Kostenko, Petr"]
[Black "Kovtunenko, Alexandr"]
[Result "1-0"]
[WhiteTitle "GM"]
[WhiteElo "2449"]
[BlackElo "2158"]
[WhiteFideId "13700669"]
[BlackFideId "4144597"]
[EventDate "2016.01.30"]

1. e4 e6 2. d4 d5 3. Nc3 Bb4 4. e5 c5 5. a3 Bxc3+ 6. bxc3 Ne7 7. Qg4 cxd4 8.
cxd4 Qc7 9. Bd2 O-O 10. Bd3 f5 11. Qg3 f4 12. Qh3 Nf5 13. g4 Nc6 14. gxf5 Nxe5
15. Nf3 Nxd3+ 16. cxd3 Rxf5 17. Rc1 Qb6 18. Rg1 Bd7 19. Qh6 Rf7 20. Ne5 Raf8 21.
Bb4 f3 22. Bxf8 Qb2 23. Rxg7+ 1-0

[Event "Moscow Open A 2016"]
[Site "Moscow RUS"]
[Date "2016.02.01"]
[Round "3.35"]
[White "Kharchenko, Alexey"]
[Black "Faizrakhmanov, Ramil"]
[Result "0-1"]
[BlackTitle "FM"]
[WhiteElo "2136"]
[BlackElo "2426"]
[WhiteFideId "24183296"]
[BlackFideId "24103209"]
[EventDate "2016.01.30"]

1. d4 Nf6 2. Nf3 e6 3. c4 b6 4. a3 Ba6 5. Qc2 Bb7 6. Nc3 c5 7. dxc5 bxc5 8. Bf4
a6 9. Rd1 Nc6 10. e3 Be7 11. h3 h6 12. Be2 O-O 13. O-O d6 14. Bg3 Qc7 15. Rd2
Rfd8 16. Rb1 Na5 17. e4 Nd7 18. b3 Ne5 19. Bxe5 dxe5 20. b4 Nc6 21. bxc5 Bxc5
22. Na4 Bxa3 23. Rxd8+ Rxd8 24. Qc3 Be7 25. Qb2 Bb4 26. Nc5 Bxc5 27. Qxb7 Qxb7
28. Rxb7 Rc8 29. Bd1 Na5 30. Rb2 Nxc4 31. Rc2 Na3 32. Ra2 f6 33. Bb3 Kf7 34. Nd2
Bb4 35. Rb2 a5 36. Kf1 Rc1+ 37. Ke2 Nb5 38. Nf3 Nc3+ 39. Kd3 Ke7 40. Nd2 Nd1 41.
Ra2 Rc3+ 42. Ke2 Rxb3 0-1

[Event "Moscow Open A 2016"]
[Site "Moscow RUS"]
[Date "2016.02.01"]
[Round "3.36"]
[White "Aslanov, Farid"]
[Black "Kukhmazov, Arsen"]
[Result "1-0"]
[WhiteTitle "CM"]
[BlackTitle "IM"]
[WhiteElo "2089"]
[BlackElo "2414"]
[WhiteFideId "13408925"]
[BlackFideId "24108260"]
[EventDate "2016.01.30"]

1. d4 Nf6 2. Nf3 d5 3. c4 c6 4. g3 Bf5 5. Bg2 e6 6. Nc3 h6 7. O-O Be7 8. Qb3 Qb6
9. c5 Qxb3 10. axb3 Na6 11. Bf4 Ne4 12. Nd2 g5 13. Bxe4 Bxe4 14. Ndxe4 gxf4 15.
Nd2 fxg3 16. hxg3 e5 17. e3 Nb4 18. Nf3 e4 19. Ne5 Rg8 20. Ra4 a5 21. Rfa1 Ra6
22. Rxa5 Rxa5 23. Rxa5 f6 24. Ra8+ Bd8 25. Nc4 dxc4 26. Nxe4 Rg7 27. Nd6+ Kd7
28. Rb8 Nd5 29. bxc4 Nc7 30. Rxb7 Ke6 31. Rb6 Kd7 32. b4 Rg8 33. Rb7 Ke6 34. b5
cxb5 35. d5+ Nxd5 36. cxd5+ Kxd5 37. Rb8 Rf8 38. Nxb5 Kxc5 39. Nd4 Kd6 40. Kg2
Be7 41. Rxf8 Bxf8 42. g4 Ke5 43. Kf3 Bc5 44. Ne2 f5 45. Ng3 fxg4+ 46. Kxg4 Kd5
47. e4+ Kd4 48. Kf5 Kd3 49. f4 Ke3 50. e5 Kf3 51. Nh5 1-0

[Event "Moscow Open A 2016"]
[Site "Moscow RUS"]
[Date "2016.02.01"]
[Round "3.37"]
[White "Suleymanli, Aydin"]
[Black "Oganian, Miran"]
[Result "0-1"]
[WhiteTitle "CM"]
[BlackTitle "IM"]
[WhiteElo "1930"]
[BlackElo "2405"]
[WhiteFideId "13413937"]
[BlackFideId "4122488"]
[EventDate "2016.01.30"]

1. d4 Nf6 2. c4 Nc6 3. Nc3 e5 4. d5 Ne7 5. e4 Ng6 6. Be3 Bb4 7. f3 Qe7 8. Ne2 a5
9. a3 Bc5 10. Qd2 Bxe3 11. Qxe3 d6 12. g3 a4 13. Bg2 Nd7 14. O-O Nc5 15. Rae1
O-O 16. f4 f6 17. f5 Nh8 18. g4 Bd7 19. Rf2 Rfb8 20. Bf1 Nb3 21. Nc1 Nd4 22.
N1e2 Nc2 23. Qd2 Nxe1 24. Ng3 Nf7 25. Qxe1 Be8 26. h4 h6 27. Qe3 Qd8 28. Be2 c6
29. Bd3 Qa5 30. Rd2 Qc5 31. Kf2 Kf8 32. Nge2 h5 33. gxh5 Nh6 34. Qxc5 dxc5 35.
Ng3 b5 36. dxc6 bxc4 37. Bxc4 Bxc6 38. Nge2 Ra7 39. Nc1 Rd7 40. Bd5 Bxd5 41.
Nxd5 c4 42. Na2 Nxf5 43. Nab4 Nd4 44. Ke3 Kf7 45. Rf2 Rh8 46. Nb6 Rc7 47. N4d5
Rc6 48. Nxa4 Rxh5 49. Nab6 Rxh4 50. Nd7 Rh3+ 51. Kd2 Ke8 52. Nb8 Rd6 53. Na6 Kf7
54. Nab4 Nb3+ 55. Ke2 Nc5 56. Nc3 Nd3 57. Nxd3 Rdxd3 58. Ke1 Rh1+ 59. Ke2 Rc1 0-1

[Event "Moscow Open A 2016"]
[Site "Moscow RUS"]
[Date "2016.02.01"]
[Round "3.38"]
[White "Nesterov, Arseniy"]
[Black "Naumkin, Igor"]
[Result "1/2-1/2"]
[BlackTitle "GM"]
[WhiteElo "2049"]
[BlackElo "2403"]
[WhiteFideId "24198455"]
[BlackFideId "4101715"]
[EventDate "2016.01.30"]

1. e4 e6 2. d4 d5 3. Nd2 a6 4. exd5 exd5 5. Ngf3 c5 6. dxc5 Bxc5 7. Nb3 Bb6 8.
Be2 Nf6 9. O-O O-O 10. c3 Nc6 11. Nbd4 Qd6 12. h3 Re8 13. Re1 Bc7 14. Bd3 Rxe1+
15. Qxe1 Bd7 16. Be3 Re8 17. Qf1 Ne4 18. Re1 h6 19. g3 Qf6 20. Nxc6 Qxf3 21. Nd4
Qh5 22. Kh2 Nf6 23. Be2 Qh4 24. Bf3 Ne4 25. Qg2 Qf6 26. Bc1 b5 27. Kg1 b4 28.
Bxe4 dxe4 29. Rxe4 Rxe4 30. Qxe4 bxc3 31. bxc3 Bxh3 32. Be3 Bb6 33. Qe8+ Kh7 34.
Qe4+ Qg6 35. Qxg6+ Kxg6 36. Nc2 Bd8 37. Nb4 a5 38. Nc6 Bf6 39. Bd4 a4 40. Ne5+
Kf5 41. Nd3 Bxd4 42. cxd4 Ke4 43. Nc5+ Kxd4 44. Nxa4 Bf5 45. f4 Be6 46. a3 Bd7
47. Nb6 Bc6 48. a4 Kc5 49. a5 h5 50. Kf2 Kb5 51. Nc8 Kxa5 52. Nd6 f6 53. Nf5 g5
54. Ng7 h4 55. gxh4 gxh4 56. Nf5 h3 57. Kg3 Bd7 1/2-1/2

[Event "Moscow Open A 2016"]
[Site "Moscow RUS"]
[Date "2016.02.01"]
[Round "3.39"]
[White "Antal, Gergely"]
[Black "Trubchaninov, Timur"]
[Result "1-0"]
[WhiteTitle "GM"]
[WhiteElo "2566"]
[BlackElo "2144"]
[WhiteFideId "717312"]
[BlackFideId "24176931"]
[EventDate "2016.01.30"]

1. e4 c5 2. Nf3 d6 3. d4 cxd4 4. Qxd4 Nc6 5. Bb5 a6 6. Bxc6+ bxc6 7. O-O e5 8.
Qd3 Be7 9. Rd1 h6 10. c4 Nf6 11. Nc3 Qc7 12. b3 O-O 13. Bb2 Rd8 14. Na4 Bg4 15.
h3 Bh5 16. Qe3 Bg6 17. Nd2 Nd7 18. Nf1 Nc5 19. Nxc5 dxc5 20. Ng3 a5 21. Ne2
Rxd1+ 22. Rxd1 a4 23. f4 exf4 24. Nxf4 axb3 25. Nxg6 fxg6 26. Qc3 Bf6 27. e5
Bxe5 28. Qxe5 Qxe5 29. Bxe5 bxa2 30. Kf2 Kf7 31. Ba1 Ra4 32. Rc1 g5 33. Ke3 h5
34. Kd3 g4 35. hxg4 hxg4 36. Ke4 Rb4 37. Rc2 Kg6 38. Kf4 Ra4 39. Kxg4 Rb4 40.
Kf4 Kf7 41. Ke5 Ke7 42. Rxa2 Rxc4 43. Ra7+ Kf8 44. Ke6 Re4+ 45. Be5 Kg8 46.
Rxg7+ Kf8 47. Rg3 Re2 48. Ra3 Kg8 49. Rh3 1-0